Δημιουργία ανοιχτού πρότυπου ψηφιακού εγγράφου τιμοκαταλόγου ναυπηγείου : διπλωματική εργασία

Αποθηκεύτηκε σε:
Λεπτομέρειες βιβλιογραφικής εγγραφής
Κύριος συγγραφέας: Κυλαδίτης, Πέτρος
Συγγραφή απο Οργανισμό/Αρχή: Πανεπιστήμιο Αιγαίου Σχολή Επιστημών της Διοίκησης Τμήμα Ναυτιλίας και Επιχειρηματικών Υπηρεσιών Πρόγραμμα Μεταπτυχιακών Σπουδών "Ναυτιλία, Μεταφορές και Διεθνές Εμπόριο - ΝΑ.Μ.Ε."
Άλλοι συγγραφείς: Γλύκας, Αλέξανδρος (dgs [Επιβλέπων καθηγητής])
Μορφή: Thesis Βιβλίο
Γλώσσα:Greek
Δημοσίευση: 2008
Θέματα:
Διαθέσιμο Online:http://hdl.handle.net/11610/13125
Ετικέτες: Προσθήκη ετικέτας
Δεν υπάρχουν, Καταχωρήστε ετικέτα πρώτοι!

MARC

LEADER 00000cam a2200000 i 4500
001 1/100002
008 081222s2008 gre d
035 |l 10102683 
040 |a GR-MY-UA  |b gre  |e aacr 
041 0 |a gre 
082 0 |a 387.0285  |2 (22) 
100 1 |a Κυλαδίτης, Πέτρος. 
245 1 0 |a Δημιουργία ανοιχτού πρότυπου ψηφιακού εγγράφου τιμοκαταλόγου ναυπηγείου :  |b διπλωματική εργασία /  |c Πέτρος Κυλαδίτης ; επιβλέποντες Ν. Νικητάκος, Α. Γλύκας 
260 |c 2008 
300 |a 111 σ.;  |c 30 εκ. 
502 # # |a Διατριβή (μεταπτυχιακή) – Πανεπιστήμιο Αιγαίου, Χίος, 2008. 
504 |a Περιλαμβάνει βιβλιογραφία 
610 2 0 |a Πανεπιστήμιο Αιγαίου. 
650 0 0 |a XML (Document markup language) 
650 0 0 |a Shipping  |x Data processing. 
650 0 0 |a Dissertations, Academic  |z Greece. 
700 1 |a Γλύκας, Αλέξανδρος,  |e dgs [Επιβλέπων καθηγητής] 
700 1 |a Νικητάκος, Νικήτας,  |e dgs 
710 1 |a Πανεπιστήμιο Αιγαίου  |b Σχολή Επιστημών της Διοίκησης  |b Τμήμα Ναυτιλίας και Επιχειρηματικών Υπηρεσιών  |b Πρόγραμμα Μεταπτυχιακών Σπουδών "Ναυτιλία, Μεταφορές και Διεθνές Εμπόριο - ΝΑ.Μ.Ε.". 
852 |a INST  |b CHIOS  |c DIATR  |e 20081222  |h 387.0285 ΚΥΛ  |p 005200030898  |q 005200030898  |t MTXE  |y 23 
852 |a INST  |b CHIOS  |c DIATR  |e 20081222  |h 387.0285 ΚΥΛ  |p 005200030899  |q 005200030899  |t MTXE  |y 23 
856 |u http://hdl.handle.net/11610/13125  
901 |a BIBL2-2008-3 
909 |a Χ  |b 146779 
909 |a Χ  |b 146780 
924 |a ΚΥΛΑΔΙΤΗΣ  |b ΠΕΤΡΟΣ  |y ΧΙΟΣ  |z 2008-11 
970 |a ΒΑΣΙΛΑΚΗ  |b ΝΙΚΗ  |z 2008/12/22